| 000 | 00892nac a22002771i 4500 | ||
|---|---|---|---|
| 003 | EG-ScBUE | ||
| 005 | 20241215105106.0 | ||
| 008 | 241215t1991 nyua f b 001 0 eng d | ||
| 020 | _a0716721996 | ||
| 020 | _a9780716721994 | ||
| 040 |
_aEG-ScBUE _beng _erda _cEG-ScBUE _dEG-ScBUE |
||
| 082 | 0 | 4 |
_a519.5 _bMOO _222 |
| 100 | 1 |
_aMoore, David S., _eauthor. |
|
| 245 | 1 | 0 |
_aStatistics : _bconcepts and controversies / _cDavid S. Moore, Purdue University. |
| 250 | _aThird edition. | ||
| 264 | 1 |
_aNew York : _bW. H. Freeman and Company, _c[1991] |
|
| 264 | 4 | _cc1991 | |
| 300 |
_axvii, 439 pages : _billustrations ; _c24 cm |
||
| 336 |
_2rdacontent _atext _btxt |
||
| 337 |
_aunmediated _2rdamedia _bn |
||
| 338 |
_avolume _bnc _2rdacarrier |
||
| 504 | _aIncludes bibliographical references and index. | ||
| 650 | 7 |
_aStatistics. _2BUEsh |
|
| 655 | _vReading book | ||
| 942 |
_cBB _2ddc |
||
| 999 |
_c6419 _d6419 |
||